| 000 | 00846nmm a2200337 a 4500 | ||
|---|---|---|---|
| 003 | AR-BaBNM | ||
| 005 | 20251128203444.0 | ||
| 008 | 070020s1977 ||||||||||||||000 | spa|| | ||
| 040 | _cAR-BaBNM | ||
| 100 | 1 | _aMartínez, Paulina | |
| 245 | 1 | 0 | _aLeyendas argentinas |
| 250 | _a1ª ed. | ||
| 260 |
_aBuenos Aires _bSigmar _c1977 |
||
| 300 | 0 |
_a60 p. _bil. |
|
| 650 | 4 | _aLITERATURA INFANTIL | |
| 650 | 4 | _aLIBROS PARA NINOS | |
| 650 | 4 | _aCOSTUMBRES Y TRADICIONES | |
| 650 | 4 | _aLEYENDAS | |
| 650 | 4 | _aTRADICION ORAL | |
| 650 | 4 | _aFOLKLORE | |
| 650 | 4 | _aLITERATURA ARGENTINA | |
| 650 | 4 | _aABORIGENES ARGENTINOS | |
| 650 | 4 | _aLITERATURA POPULAR | |
| 650 | 4 | _aLITERATURA FOLKLORICA | |
| 655 | _aLITERATURA | ||
| 700 | 1 | _aRey, Eva | |
| 700 | 1 | _aRomera, Pirucha | |
| 700 | 0 |
_aCsecs _eilustrador |
|
| 942 | _cBK | ||
| 998 | _cMARTIN | ||
| 999 |
_c3466 _d3466 |
||